00466cam a2200181 i 4500001000800000005001700008008004100025010001700066020001500083040001800098041000800116080001100124082001100135100000700146101000800153245008200161504004100243275640220180820035534.0800617s1980 ilua b 001 0 eng  a 79091097  a087581252X aDLCcDLCdDLC aeng a300.7200a300.721 a50 aSOC10aSocial research /cby Susan Gustavus Philliber, Mary R. Schwab, G. Sam Sloss. aIncludes bibliographies and indexes.